Language Quiz

Random Language or Book Quiz

Language by 'To Kill a Mockingbird' Cover Quiz Stats

 Plays Quiz Updated Aug 1, 2015

Challenge
Share
Tweet
Score 0/20 Timer 08:00
7 Plays Today
% Correct
English
99.7%
Arabic
92.8%
Greek
91.3%
German
87.9%
French
87.7%
Chinese
87.5%
Japanese
87.3%
Russian
82.4%
Korean
79.5%
Italian
77.7%
% Correct
Spanish
75.5%
Hebrew
73%
Dutch
64.1%
Swedish
59.4%
Danish
58.8%
Norwegian
54.1%
Portuguese
52.6%
Turkish
47%
Thai
43.9%
Persian
43.4%

You're not logged in!

Compare scores with friends on all Sporcle quizzes.
Join for Free
OR
Log In

You Might Also Like...

Show Comments

Extras

Top Quizzes Today


Score Distribution

Your Account Isn't Verified!

In order to create a playlist on Sporcle, you need to verify the email address you used during registration. Go to your Sporcle Settings to finish the process.

Report this User

Report this user for behavior that violates our Community Guidelines.

Details: